| 000 | 00000nam##2200000za#4500 |
| 001 | 9.578846 |
| 003 | CaOODSP |
| 005 | 20210624190259 |
| 007 | cr ||||||||||| |
| 008 | 150406|2003||||xxc|||||o f|0| 0 eng|d |
| 040 | |aCaOODSP|beng |
| 043 | |an-cn--- |
| 086 | 1 |aFs76-1/2003-042E-PDF |
| 110 | 1 |aCanada. |bDepartment of Fisheries and Oceans. |bMaritimes Region. |
| 245 | 10|aGeorges Bank yellowtail flounder |h[electronic resource] |
| 260 | |aOttawa - Ontario : |bFisheries and Oceans Canada. |cSeptember 2003. |
| 300 | |a6p.|bgraphs, map, table |
| 490 | 1 |aStock status report |v2003/042 |
| 590 | |a14-12-Supp|b2014-05-30 |
| 775 | 08|tLimande à queue jaune du banc Georges |w(CaOODSP)9.606607 |
| 830 | #0|aStock status report ;|v2003/042|w(CaOODSP)9.506229 |
| 856 | 40|ahttp://publications.gc.ca|qPDF|s130 KB|uhttps://publications.gc.ca/collections/collection_2014/mpo-dfo/Fs76-1-2003-042-eng.pdf|y2003/042 |